000 01525cam a2200133 4500500
005 20260329031739.0
041 _afre
042 _adc
100 1 0 _aThomson, Jean Max
_eauthor
245 0 0 _aVocabulaire anglais : Politique - Économie - Société
260 _bArmand Colin,
_c2018.
520 _aÉconomie, politique, faits de société : autant de domaines où la langue anglaise crée sans cesse de nouveaux mots parce que c’est l’actualité qui suscite la formation de néologismes. Le non-anglophone se trouve donc constamment confronté à des mots qu’il n’a jamais rencontrés, comme par exemple : hacktivism, nuclear-free zone, gender gap, consumer-led recovery, spin doctor, meltdown, same-sex parenting, vote rigging, infomercial, greenhouse gases… C’est en partant de cette constatation et des difficultés que présente l’apprentissage du lexique anglais par l’étudiant francophone (faux-amis, phrasal verbs, mots de liaison, collocations, polysémie…) que l’auteur a conçu cet ouvrage. Comportant près de 2500 mots et expressions et constitué d’exercices sollicitant la participation active du lecteur, il propose une découverte progressive en 25 étapes du vocabulaire du monde contemporain. Les mots sont présentés en contexte, facilitant le travail de mémorisation. Des listes thématiques portant sur des questions d’actualité complètent l’ouvrage.
856 4 1 _uhttps://shs.cairn.info/vocabulaire-anglais--9782200617899?lang=fr&redirect-ssocas=7080
999 _c1949318
_d1949318